000 00373nam a22001337a 4500
999 _c8219
_d8220
008 190807b ||||| |||| 00| 0 eng d
082 _aENGLISH CAP NO.26
100 _aTshering, Kezang
245 _aHow has Eminem`s work influenced Bhutanese rappers?
260 _aThimphu ;
_bRoyal Thimphu College,
_c2019.
300 _a28 p.
_c30 cm.
650 _aCapstone
942 _2ddc